Locations by Letter - D - Statistics

General Stats
  • This quiz has been taken 38,595 times
    25,605 since last reset
  • The average score is 11 of 20
Answer Stats
Description Location % Correct
Hamlet's country Denmark
95%
California valley and world's hottest place {Death} Valley
89%
French city famous for mustard Dijon
86%
Huge Indian city that is sometimes ranked #1 in air pollution Delhi
79%
City policed by Robocop Detroit
79%
White Cliffs locale Dover
78%
Anaheim theme park Disneyland
75%
German city firebombed in WWII Dresden
69%
Bottom of the sea, to a pirate {Davy} {Jones}' Locker
68%
Formerly known as Mt. McKinley Denali
58%
Area of genocide in Sudan Darfur
49%
Get the heck out of this Kansas frontier town Dodge City
44%
Coal-mining area from "The Hunger Games" District 12
42%
City where "Ulysses" took place Dublin
40%
Swiss ski resort and host of the World Economic Forum Davos
34%
Yoda's planet Dagobah
33%
Where Lord Grantham holds sway Downton Abbey
32%
South African camp for space prawns District 9
28%
Utopia where people and dinosaurs co-exist Dinotopia
19%
Where Scrooge McDuck lives Duckburg
15%
No matching quizzes found
Score Distribution
Percent of People with Each Score
Percentile by Number Answered
Your Score History
You have not taken this quiz since the last reset